Inspiración ajá

保存先:
書誌詳細
第一著者: Gardner, Martin (著者)
フォーマット: 図書
言語:スペイン語
出版事項: Barcelona Labor 1981
主題:
タグ: タグ追加
タグなし, このレコードへの初めてのタグを付けませんか!

MARC

LEADER 00000nam a2200000 a 4500
001 UCP3816
003 CL-VaPUC
008 990702e19810000SP |||||||||||||||||spa|d
082 0 4 |a 793.74  |b GAR  |2 21 
100 |a Gardner, Martin  |e author  |9 591378 
245 1 0 |a Inspiración ajá 
300 |a 179 p 
942 |c BK 
945 |d 19990702 00:00:00  |a crobeson 
260 |a Barcelona  |b Labor  |c 1981 
650 7 |a MATEMATICAS RECREATIVAS  |2 CL-VaPUC  |9 269273 
650 0 |a Lógica  |9 256849 
650 0 |a Teoría de conjuntos   |9 265668 
650 0 |a Estadística matemática  |9 260028 
650 0 |a Teoría de probabilidades   |9 336944 
583 |a last modification  |c 19990702 00:00:00  |k Rodrigo Vera 
999 |c 281972  |d 281970 
952 |0 0  |1 0  |4 0  |6 793_740000000000000_GAR_1981  |7 0  |8 A  |9 323147  |a BIBMAT  |b BIBMAT  |d 2019-11-20  |i 1352555  |o 793.74 GAR 1981  |p 1352555  |r 2025-01-07  |w 2019-11-20  |y BK  |k MAT 
952 |0 0  |1 0  |4 0  |6 793_740000000000000_GAR_1981  |7 0  |8 A  |9 323148  |a BIBMAT  |b BIBMAT  |d 2019-11-20  |i 1352563  |o 793.74 GAR 1981  |p 1352563  |r 2025-01-07  |w 2019-11-20  |y BK  |k MAT